00449nam a2200169 a 450000100060000000300090000600800410001502000150005604000280007108200100009910000340010924500330014326000400017630000130021665000190022965000310024816422CO-ViMGA141112s2004 ck r 000 u spa d a9583006459 aCO-ViMGAbspacCO-ViMGA04aRUIme1 aRuiz, Clarisa; Reyes, Yolanda10aLos meses del año son..... aBogotá : bPanAméricana, c1999 a48.p.il.14aMESES - POESIA14aPOESIA INFANTIL COLOMBIANA